| 000 | 00537nam a2200181 i 4500 | ||
|---|---|---|---|
| 001 | 61909 | ||
| 003 | ES-MaACL | ||
| 005 | 20250810092849.0 | ||
| 007 | t| | ||
| 008 | 031114s1908 it ||||1| ita d | ||
| 100 | 1 |
_aFalcone, Francesca. _948718 |
|
| 245 | 1 | 0 |
_aEduchiamo l'infanzia abbandonata / _cFrancesca Falcone. |
| 260 |
_aCatania : _b[s.n.], _c1908 ( _fEstab. tip. Francesco Galati) |
||
| 300 |
_a90 p. ; _c26 cm. |
||
| 650 | 7 |
_aProtección de menores _2embne _9162471 |
|
| 852 |
_aES-MaACL _jT-1154-F-8 |
||
| 999 |
_c61909 _d61909 |
||